000 00390nam a22001577a 4500
003 OSt
005 20260209122835.0
008 260209b |||||||| |||| 00| 0 eng d
020 _a9788183482912
082 _a658.311
_b HUN/TR
100 _aHundiwala S
_97857
245 _aTricks & Techniques of group discussion
260 _aMeerut
_bArihant publications
300 _a223
942 _cBK
999 _c13843
_d13843